[Event "Stay Safe Play From Home 194"]
[Site "T#646519Emanuel Laske"]
[Date "2020.06.02"]
[Round "6"]
[White "Aktürk"]
[Black "Tobo Rubirosa"]
[Result "1-0"]
[WhiteElo "1469"]
[BlackElo "1510"]
[Annotator "NA RC"]
[PlyCount "63"]
[EventDate "2020.06.02"]
[EventType "swiss (blitz)"]

1. e3 {[%emt 0:00:01]} c5 {[%emt 0:00:02]} 2. Qf3 {[%emt 0:00:00]} d5 {[%emt 0:00:01]} 3. Bd3 {[%emt 0:00:01]} Nc6 {[%emt 0:00:01]} 4. Qg3 {[%emt 0:00:01]} Nf6 {[%emt 0:00:01]} 5. Bb5 {[%emt 0:00:00]} g6 {[%emt 0:00:02]} 6. Bxc6+ {[%emt 0:00:00]} bxc6 {[%emt 0:00:02]} 7. Nc3 {[%emt 0:00:00]} Bg7 {[%emt 0:00:01]} 8. Na4 {[%emt 0:00:02]} O-O {[%emt 0:00:02]} 9. Nxc5 {[%emt 0:00:01]} Bf5 {[%emt 0:00:04]} 10. Nd3 {[%emt 0:00:02]} Bxd3 {[%emt 0:00:01]} 11. cxd3 {[%emt 0:00:02]} Qb6 {[%emt 0:00:00]} 12. h4 {[%emt 0:00:03]} d4 {[%emt 0:00:01]} 13. e4 {[%emt 0:00:03]} Qb5 {[%emt 0:00:08]} 14. Ne2 {[%emt 0:00:03]} Qc4 {[%emt 0:00:02]} 15. dxc4 {[%emt 0:00:04]} d3 {[%emt 0:00:03]} 16. Nc3 {[%emt 0:00:01]} Rfd8 {[%emt 0:00:01]} 17. Qf3 {[%emt 0:00:02]} Rab8 {[%emt 0:00:00]} 18. h5 {[%emt 0:00:01]} a5 {[%emt 0:00:00]} 19. hxg6 {[%emt 0:00:01]} hxg6 {[%emt 0:00:01]} 20. Qh3 {[%emt 0:00:03]} a4 {[%emt 0:00:01]} 21. Nxa4 {[%emt 0:00:02]} Rb4 {[%emt 0:00:03]} 22. Nc5 {[%emt 0:00:01]} Rbb8 {[%emt 0:00:00]} 23. a3 {[%emt 0:00:01]} Rd4 {[%emt 0:00:01]} 24. a4 {[%emt 0:00:01]} Rxe4+ {[%emt 0:00:01]} 25. Kf1 {[%emt 0:00:03]} Re5 {[%emt 0:00:02]} 26. Nxd3 {[%emt 0:00:02]} Rh5 {[%emt 0:00:01]} 27. Qxh5 {[%emt 0:00:02]} Nxh5 {[%emt 0:00:02]} 28. Rxh5 {[%emt 0:00:02]} gxh5 {[%emt 0:00:02]} 29. Nf4 {[%emt 0:00:01]} e5 {[%emt 0:00:02]} 30. Nxh5 {[%emt 0:00:01]} Kf8 {[%emt 0:00:06]} 31. Ng3 {[%emt 0:00:01]} Ke7 {[%emt 0:00:01]} 32. Nf5+ {[%emt 0:00:01] Tiempo (Lag: Av=0.76s, max=1.0s)} 1-0

[Event "Stay Safe Play From Home 194"]
[Site "T#646519Emanuel Laske"]
[Date "2020.06.02"]
[Round "6"]
[White "Abhi46698"]
[Black "Trotsky"]
[Result "0-1"]
[WhiteElo "1200"]
[BlackElo "1535"]
[Annotator "NA RC"]
[PlyCount "40"]
[EventDate "2020.06.02"]
[EventType "swiss (blitz)"]

1. d4 {[%emt 0:00:03]} d5 {[%emt 0:00:01]} 2. Bf4 {[%emt 0:00:01]} e6 {[%emt 0:00:01]} 3. e3 {[%emt 0:00:01]} c5 {[%emt 0:00:01]} 4. c3 {[%emt 0:00:00]} Nc6 {[%emt 0:00:01]} 5. Bd3 {[%emt 0:00:02]} c4 {[%emt 0:00:01]} 6. Bc2 {[%emt 0:00:04]} Bd6 {[%emt 0:00:01]} 7. Nd2 {[%emt 0:00:02]} Qc7 {[%emt 0:00:01]} 8. Bxd6 {[%emt 0:00:09]} Qxd6 {[%emt 0:00:01]} 9. f4 {[%emt 0:00:01]} Nf6 {[%emt 0:00:01]} 10. Ngf3 {[%emt 0:00:01]} Bd7 {[%emt 0:00:01]} 11. Ne5 {[%emt 0:00:02]} h5 {[%emt 0:00:05]} 12. O-O {[%emt 0:00:02]} g5 {[%emt 0:00:02]} 13. Qf3 {[%emt 0:00:14]} Ng4 {[%emt 0:00:04]} 14. Nxg4 {[%emt 0:00:06]} hxg4 {[%emt 0:00:03]} 15. Qxg4 {[%emt 0:00:00]} O-O-O {[%emt 0:00:01]} 16. Qxg5 {[%emt 0:00:07]} e5 {[%emt 0:00:03]} 17. fxe5 {[%emt 0:00:03]} Nxe5 {[%emt 0:00:02]} 18. dxe5 {[%emt 0:00:03]} Qc5 {[%emt 0:00:02]} 19. Qf6 {[%emt 0:00:00]} Rdg8 {[%emt 0:00:05]} 20. Qd6 {[%emt 0:00:02]} Qxd6 {[%emt 0:00:06] Time (Lag: Av=0.52s, max=1.1s) .} 0-1

[Event "Stay Safe Play From Home 194"]
[Site "T#646519Emanuel Laske"]
[Date "2020.06.02"]
[Round "7"]
[White "Broken sword"]
[Black "Bellbox"]
[Result "1-0"]
[WhiteElo "2556"]
[BlackElo "2131"]
[Annotator "TA"]
[PlyCount "97"]
[EventDate "2020.06.02"]
[EventType "swiss (blitz)"]

{[%evp 9,96,30,31,22,27,38,28,-3,0,-62,-17,-76,0,0,0,-7,-8,-35,-12,-110,-94,-121,-7,-91,-57,-170,-110,-129,-141,-125,-127,-123,-133,-135,-119,-125,-127,-322,0,0,28,19,125,103,100,-708,38,0,203,0,362,360,350,338,1719,1718,1710,1695,1642,1629,1532,1491,1552,1526,1545,1597,5589,2304,1923,1648,3400,4028,29990,29991,29993,29994,29994,29994,29994,29995,29995,29996,29996,29995,29997,29998,29998,29999,29999]} 1. d4 f5 2. Nf3 Nf6 3. c3 g6 4. Bg5 Bg7 5. Nbd2 O-O 6. e3 {A80: Dutch Defence: Unusual White second moves.} d6 7. Bc4+ Kh8 {[#]} 8. Bb3 $146 {White has an edge.} ({Predecessor:} 8. O-O Nc6 9. Re1 e5 10. dxe5 dxe5 11. e4 f4 12. Bb5 Bg4 13. h3 Bxf3 14. Nxf3 {½-½ (42) Hubert,N (1181)-Voecking,L (1172) Willingen 2019}) 8... Qe8 9. h4 (9. Ba4 $11 Bd7 10. Bxf6 Bxf6 11. Bxd7 Nxd7 12. Qb3) 9... e5 10. Qe2 (10. dxe5 $11 dxe5 11. Qe2) 10... Nc6 (10... Nh5 $17 11. Qc4 Na6 12. dxe5 dxe5) 11. dxe5 dxe5 {next ...Nh5 is good for Black.} 12. Bxf6 $1 Bxf6 13. h5 g5 14. Nc4 (14. e4 $11) 14... g4 $36 {[%mdl 2048] White is under strong pressure.} 15. Nfd2 Be6 (15... e4 $17 16. Ba4 a6 17. Bxc6 Qxc6) 16. Na3 (16. e4 $1 $11) 16... Rd8 17. Nb5 (17. Bxe6 $15 Qxe6 18. Qc4 Qxc4 19. Ndxc4) 17... Qf7 ({Better is} 17... Bxb3 $1 $19 18. axb3 a6) 18. Bxe6 Qxe6 19. Nxc7 {[#]} Qf7 $1 {[%cal Rf7c7]} 20. Nb5 a6 {[%mdl 1024] Black has strong compensation.} 21. Na3 {[#]} e4 $1 22. Nc2 Ne5 23. O-O-O $2 (23. Kf1 $17) 23... Nd3+ $2 ({Black should try} 23... Qxa2 $19 24. Nb4 Qa4) 24. Kb1 $11 Rd6 25. Nb3 b6 (25... Rb6 $11) 26. Nc1 {[%cal Rc1d3]} Rfd8 27. Rd2 $2 {[%mdl 8192]} (27. g3 $16) 27... b5 $2 (27... Nxc1 $19 28. Kxc1 Rxd2 29. Qxd2 Rxd2 30. Kxd2 Qxa2) 28. Rhd1 {[%cal Rc1d3]} (28. Nd4 $5) 28... a5 $2 {Black is now going downhill.} (28... Nxc1 $1 $11 29. Kxc1 Rxd2 30. Rxd2 Rxd2 31. Qxd2 Qxh5) 29. Ne1 $2 (29. Nxd3 $18 Rxd3 30. Rxd3 exd3 31. Rxd3 Rxd3 32. Qxd3 {[%mdl 64] Double Attack} Qxh5 33. Kc1) 29... Qd7 $2 {[%mdl 8192]} (29... Nxc1 $11 {and Black stays safe.} 30. Kxc1 Rxd2 31. Rxd2 Rxd2 32. Qxd2 Kg7) 30. Nexd3 $18 ({Weaker is} 30. Ncxd3 exd3 31. Rxd3 Qc6 $18) 30... exd3 31. Rxd3 b4 $2 (31... Rxd3 32. Rxd3 Qe8 33. Rxd8 Bxd8) 32. Rxd6 Qxd6 33. Rxd6 Rxd6 34. cxb4 axb4 35. Nd3 Kg7 36. Nxb4 Rb6 37. a3 Kh6 38. Qd3 Kg5 39. f4+ gxf3 40. gxf3 Rb5 41. Qxb5 {White mates.} Kxh5 42. Qxf5+ {[%mdl 64] Double Attack} Bg5 43. f4 {[%csl Gf4][%cal Rf5g5][%mdl 64] Pin} h6 44. Nd5 Kh4 45. fxg5 hxg5 46. Qf2+ Kh3 47. Nf6 g4 48. Ne4 {[%cal Re4g5]} g3 49. Qxg3# {Accuracy: White = 38%, Black = 35%.} 1-0

[Event "Stay Safe Play From Home 194"]
[Site "T#646519Emanuel Laske"]
[Date "2020.06.02"]
[Round "7"]
[White "AChessPlayer"]
[Black "Don59as"]
[Result "1-0"]
[WhiteElo "2371"]
[BlackElo "2123"]
[Annotator "NA RC"]
[PlyCount "73"]
[EventDate "2020.06.02"]
[EventType "swiss (blitz)"]

1. Nf3 {[%emt 0:00:01]} d5 {[%emt 0:00:01]} 2. g3 {[%emt 0:00:00]} e6 {[%emt 0:00:00]} 3. Bg2 {[%emt 0:00:00]} Nf6 {[%emt 0:00:00]} 4. O-O {[%emt 0:00:00]} Be7 {[%emt 0:00:00]} 5. b3 {[%emt 0:00:00]} O-O {[%emt 0:00:00]} 6. Bb2 {[%emt 0:00:00]} c5 {[%emt 0:00:01]} 7. e3 {[%emt 0:00:00]} b6 {[%emt 0:00:00]} 8. Qe2 {[%emt 0:00:00]} Bb7 {[%emt 0:00:00]} 9. Rd1 {[%emt 0:00:01]} Nc6 {[%emt 0:00:01]} 10. d4 {[%emt 0:00:00]} cxd4 {[%emt 0:00:01]} 11. Nxd4 {[%emt 0:00:00]} Nxd4 {[%emt 0:00:01]} 12. Bxd4 {[%emt 0:00:01]} Ne4 {[%emt 0:00:01]} 13. c4 {[%emt 0:00:01]} Bf6 {[%emt 0:00:01]} 14. Bxe4 {[%emt 0:00:03]} dxe4 {[%emt 0:00:04]} 15. Nc3 {[%emt 0:00:01]} Bxd4 {[%emt 0:00:01]} 16. Rxd4 {[%emt 0:00:00]} Qf6 {[%emt 0:00:02]} 17. Rad1 {[%emt 0:00:00]} Qg6 {[%emt 0:00:03]} 18. Nb5 {[%emt 0:00:01]} Bc6 {[%emt 0:00:02]} 19. Nc3 {[%emt 0:00:09]} Rac8 {[%emt 0:00:01]} 20. a4 {[%emt 0:00:02]} h5 {[%emt 0:00:01]} 21. h4 {[%emt 0:00:01]} f5 {[%emt 0:00:03]} 22. Rd6 {[%emt 0:00:02]} f4 {[%emt 0:00:01]} 23. exf4 {[%emt 0:00:01]} Rxf4 {[%emt 0:00:01]} 24. Qe3 {[%emt 0:00:14]} Rxh4 {[%emt 0:00:05]} 25. Rd8+ {[%emt 0:00:02]} Rxd8 {[%emt 0:00:02]} 26. Rxd8+ {[%emt 0:00:00]} Kh7 {[%emt 0:00:01]} 27. Rd6 {[%emt 0:00:00]} Bb7 {[%emt 0:00:03]} 28. Rd7 {[%emt 0:00:00]} Bc8 {[%emt 0:00:03]} 29. Rc7 {[%emt 0:00:01]} Ba6 {[%emt 0:00:02]} 30. Ne2 {[%emt 0:00:01]} Rg4 {[%emt 0:00:02]} 31. Nf4 {[%emt 0:00:01]} Qf5 {[%emt 0:00:01]} 32. Qd4 {[%emt 0:00:03]} e5 {[%emt 0:00:01]} 33. Qd5 {[%emt 0:00:03]} exf4 {[%emt 0:00:01]} 34. Qxf5+ {[%emt 0:00:01]} Rg6 {[%emt 0:00:02]} 35. Rc6 {[%emt 0:00:01]} Bc8 {[%emt 0:00:01]} 36. Qxg6+ {[%emt 0:00:00]} Kg8 {[%emt 0:00:01]} 37. Rxc8# {[%emt 0:00:00] (Lag: Av=0.40s, max=0.6s)} 1-0

[Event "Stay Safe Play From Home 194"]
[Site "T#646519Emanuel Laske"]
[Date "2020.06.02"]
[Round "7"]
[White "SoulofWolf"]
[Black "Fischer_11"]
[Result "1-0"]
[WhiteElo "2202"]
[BlackElo "2021"]
[Annotator "NA RC"]
[PlyCount "63"]
[EventDate "2020.06.02"]
[EventType "swiss (blitz)"]

1. Nf3 {[%emt 0:00:00]} Nf6 {[%emt 0:00:03]} 2. c4 {[%emt 0:00:00]} e6 {[%emt 0:00:00]} 3. Nc3 {[%emt 0:00:01]} d5 {[%emt 0:00:00]} 4. e4 {[%emt 0:00:00]} d4 {[%emt 0:00:00]} 5. Nb1 {[%emt 0:00:01]} c5 {[%emt 0:00:01]} 6. d3 {[%emt 0:00:01]} Nc6 {[%emt 0:00:01]} 7. Bg5 {[%emt 0:00:00]} h6 {[%emt 0:00:02]} 8. Bh4 {[%emt 0:00:01]} Be7 {[%emt 0:00:01]} 9. Be2 {[%emt 0:00:00]} O-O {[%emt 0:00:01]} 10. O-O {[%emt 0:00:00]} Nh7 {[%emt 0:00:03]} 11. Bg3 {[%emt 0:00:01]} Ng5 {[%emt 0:00:02]} 12. a3 {[%emt 0:00:03]} Nxf3+ {[%emt 0:00:02]} 13. Bxf3 {[%emt 0:00:00]} e5 {[%emt 0:00:00]} 14. Nd2 {[%emt 0:00:02]} a5 {[%emt 0:00:01]} 15. Be2 {[%emt 0:00:01]} f5 {[%emt 0:00:02]} 16. f4 {[%emt 0:00:01]} fxe4 {[%emt 0:00:02]} 17. Nxe4 {[%emt 0:00:00]} exf4 {[%emt 0:00:02]} 18. Bxf4 {[%emt 0:00:00]} b6 {[%emt 0:00:03]} 19. Bf3 {[%emt 0:00:02]} Bb7 {[%emt 0:00:05]} 20. Bg3 {[%emt 0:00:02]} Rc8 {[%emt 0:00:04]} 21. Qd2 {[%emt 0:00:02]} Ba8 {[%emt 0:00:01]} 22. Rae1 {[%emt 0:00:03]} Bh4 {[%emt 0:00:02]} 23. Qf2 {[%emt 0:00:09]} Bxg3 {[%emt 0:00:01]} 24. Qxg3 {[%emt 0:00:00]} Qc7 {[%emt 0:00:04]} 25. Nd6 {[%emt 0:00:01]} Rcd8 {[%emt 0:00:04]} 26. Nb5 {[%emt 0:00:02]} Qxg3 {[%emt 0:00:02]} 27. hxg3 {[%emt 0:00:00]} Rde8 {[%emt 0:00:04]} 28. Nc7 {[%emt 0:00:03]} Rxe1 {[%emt 0:00:01]} 29. Rxe1 {[%emt 0:00:00]} Bb7 {[%emt 0:00:03]} 30. Bd5+ {[%emt 0:00:03]} Kh7 {[%emt 0:00:01]} 31. Ne6 {[%emt 0:00:00]} Nd8 {[%emt 0:00:00]} 32. Nxf8+ {[%emt 0:00:01] Zeit (Lag: Av=0.30s, max=0.5s)} 1-0

[Event "Stay Safe Play From Home 194"]
[Site "T#646519Emanuel Laske"]
[Date "2020.06.02"]
[Round "7"]
[White "Patzeroglu"]
[Black "XShot"]
[Result "0-1"]
[WhiteElo "1987"]
[BlackElo "2513"]
[Annotator "TA"]
[PlyCount "38"]
[EventDate "2020.06.02"]
[EventType "swiss (blitz)"]

{[%evp 11,38,70,87,35,56,49,43,40,48,0,0,0,0,-12,21,0,65,19,26,-39,-27,-117,-114,-358,-354,-482,-482,-894,-894]} 1. e4 c6 2. d4 d5 3. Nc3 dxe4 4. Nxe4 Nf6 5. Nxf6+ gxf6 6. c3 h5 {is the new trend.} 7. Bd3 {B16: Caro-Kann: Bronstein-Larsen Variation.} ({White should try} 7. Nf3 $16) 7... h4 {[#]} 8. Ne2 $146 ({Predecessor:} 8. Bf4 Rg8 9. g3 Bg4 10. Qb3 Qc8 11. h3 Be6 12. c4 hxg3 13. fxg3 Nd7 14. Nf3 b5 {0-1 (37) Derakhshani,D (2306)-Alvarez Pedraza,A (2471) Panama City 2017}) 8... h3 9. g3 {White is slightly better.} Bg4 10. Bf4 Qd5 11. Rg1 Nd7 12. Qc2 Nb6 13. b3 Qe6 (13... Qh5 $11) 14. O-O-O Nd5 15. Rge1 (15. Kb2 $11) 15... Nxf4 $15 16. Nxf4 (16. gxf4 $11 {keeps the balance.} Bh6 17. Kb1) 16... Bxd1 $17 17. Nxe6 $2 {[#]} (17. Kxd1 $17 {was worth a try.} Qg4+ 18. Re2) 17... Bxc2 $19 18. Nc7+ Kd7 19. Nxa8 (19. Kxc2 $142 Kxc7 20. f4) 19... Bxd3 {Accuracy: White = 43%, Black = 77%.} 0-1

[Event "Stay Safe Play From Home 194"]
[Site "T#646519Emanuel Laske"]
[Date "2020.06.02"]
[Round "7"]
[White "Buzaglo"]
[Black "Emresenar"]
[Result "0-1"]
[WhiteElo "1867"]
[BlackElo "1765"]
[Annotator "NA RC"]
[PlyCount "108"]
[EventDate "2020.06.02"]
[EventType "swiss (blitz)"]

1. d4 {[%emt 0:00:00]} d5 {[%emt 0:00:01]} 2. Nf3 {[%emt 0:00:00]} Nf6 {[%emt 0:00:01]} 3. g3 {[%emt 0:00:00]} Bg4 {[%emt 0:00:01]} 4. Bg2 {[%emt 0:00:00]} Bxf3 {[%emt 0:00:00]} 5. Bxf3 {[%emt 0:00:01]} Nbd7 {[%emt 0:00:00]} 6. O-O {[%emt 0:00:00]} e5 {[%emt 0:00:00]} 7. dxe5 {[%emt 0:00:01]} Nxe5 {[%emt 0:00:00]} 8. Bg2 {[%emt 0:00:00]} c6 {[%emt 0:00:01]} 9. c4 {[%emt 0:00:00]} dxc4 {[%emt 0:00:02]} 10. Nc3 {[%emt 0:00:01]} Rc8 {[%emt 0:00:01]} 11. Qc2 {[%emt 0:00:01]} Bb4 {[%emt 0:00:02]} 12. Bd2 {[%emt 0:00:01]} Qe7 {[%emt 0:00:01]} 13. Rfd1 {[%emt 0:00:01]} O-O {[%emt 0:00:01]} 14. a3 {[%emt 0:00:01]} Bxc3 {[%emt 0:00:01]} 15. Bxc3 {[%emt 0:00:00]} b5 {[%emt 0:00:02]} 16. Bb4 {[%emt 0:00:01]} c5 {[%emt 0:00:02]} 17. Be1 {[%emt 0:00:02]} Rfd8 {[%emt 0:00:01]} 18. a4 {[%emt 0:00:02]} b4 {[%emt 0:00:04]} 19. b3 {[%emt 0:00:02]} c3 {[%emt 0:00:01]} 20. Rxd8+ {[%emt 0:00:02]} Rxd8 {[%emt 0:00:01]} 21. f4 {[%emt 0:00:00]} Neg4 {[%emt 0:00:03]} 22. Bf2 {[%emt 0:00:03]} Ne3 {[%emt 0:00:03]} 23. Bxe3 {[%emt 0:00:01]} Qxe3+ {[%emt 0:00:02]} 24. Kh1 {[%emt 0:00:01]} Rd2 {[%emt 0:00:04]} 25. Qc1 {[%emt 0:00:01]} Rxe2 {[%emt 0:00:03]} 26. Qf1 {[%emt 0:00:02]} Qf2 {[%emt 0:00:02]} 27. Qxf2 {[%emt 0:00:01]} Rxf2 {[%emt 0:00:00]} 28. Rf1 {[%emt 0:00:04]} Rxf1+ {[%emt 0:00:01]} 29. Bxf1 {[%emt 0:00:00]} c2 {[%emt 0:00:00]} 30. Kg2 {[%emt 0:00:01]} c1=Q {[%emt 0:00:01]} 31. h4 {[%emt 0:00:01]} Ne4 {[%emt 0:00:02]} 32. g4 {[%emt 0:00:00]} Qd2+ {[%emt 0:00:01]} 33. Kf3 {[%emt 0:00:01]} Qf2+ {[%emt 0:00:01]} 34. Kxe4 {[%emt 0:00:00]} Qxf1 {[%emt 0:00:01]} 35. f5 {[%emt 0:00:00]} Qe2+ {[%emt 0:00:01]} 36. Kd5 {[%emt 0:00:00]} Qd3+ {[%emt 0:00:01]} 37. Kxc5 {[%emt 0:00:01]} Qxb3 {[%emt 0:00:00]} 38. a5 {[%emt 0:00:01]} Qa4 {[%emt 0:00:01]} 39. f6 {[%emt 0:00:00]} Qxa5+ {[%emt 0:00:01]} 40. Kc4 {[%emt 0:00:01]} gxf6 {[%emt 0:00:00]} 41. Kb3 {[%emt 0:00:00]} Qb5 {[%emt 0:00:01]} 42. h5 {[%emt 0:00:00]} a5 {[%emt 0:00:00]} 43. g5 {[%emt 0:00:01]} a4+ {[%emt 0:00:00]} 44. Kb2 {[%emt 0:00:02]} fxg5 {[%emt 0:00:00]} 45. h6 {[%emt 0:00:01]} g4 {[%emt 0:00:00]} 46. Kc2 {[%emt 0:00:01]} Qh5 {[%emt 0:00:00]} 47. Kd2 {[%emt 0:00:00]} Qxh6+ {[%emt 0:00:00]} 48. Ke2 {[%emt 0:00:01]} Qc6 {[%emt 0:00:00]} 49. Kf2 {[%emt 0:00:00]} Qc3 {[%emt 0:00:01]} 50. Ke2 {[%emt 0:00:01]} a3 {[%emt 0:00:00]} 51. Kf2 {[%emt 0:00:00]} a2 {[%emt 0:00:01]} 52. Ke2 {[%emt 0:00:00]} a1=Q {[%emt 0:00:01]} 53. Kf2 {[%emt 0:00:01]} Qab2+ {[%emt 0:00:01]} 54. Kf1 {[%emt 0:00:01]} Qcc1# {[%emt 0:00:00] (Lag: Av=0.74s, max=1.1s)} 0-1

[Event "Stay Safe Play From Home 194"]
[Site "T#646519Emanuel Laske"]
[Date "2020.06.02"]
[Round "7"]
[White "NeatFox"]
[Black "Lazieri3"]
[Result "1-0"]
[WhiteElo "1841"]
[BlackElo "2033"]
[Annotator "TA"]
[PlyCount "93"]
[EventDate "2020.06.02"]
[EventType "swiss (blitz)"]

{[%evp 9,93,-8,2,-8,-11,-19,62,66,142,152,191,202,175,146,204,206,216,212,239,153,147,124,138,151,159,72,133,50,190,153,274,142,139,107,182,187,187,14,14,43,46,22,31,0,0,-89,-30,-87,-39,-122,-119,-122,-47,-39,-45,-163,-80,-516,-404,-656,-650,-625,-621,-29995,-29996,-29997,-847,-849,-801,-846,-833,-5818,504,-29975,-29976,-29976,-29977,-29979,-4918,-29981,29986,29987,29990,29991,29991,29992]} 1. g4 c6 2. Bg2 d5 3. c4 Bxg4 4. cxd5 Bd7 5. Qb3 Qb6 6. Qxb6 {A00: Irregular Openings.} axb6 {[#]} 7. Nc3 $146 ({Predecessor:} 7. d4 cxd5 8. Bxd5 Bc6 9. Bf3 Nf6 10. e4 Nxe4 11. Nc3 Nxc3 12. bxc3 e6 13. c4 {0-1 (57) Lee,W (1178)-Iyer,N (1483) Hong Kong 2018}) 7... cxd5 (7... Nf6 $11) 8. Nxd5 $14 {[#] Threatens to win with Nc7+.White is slightly better.} Na6 ({Better is} 8... Bc6 $14) 9. Nxb6 $16 Rb8 10. Nxd7 Kxd7 11. b3 e5 (11... Nb4 $16) 12. Bb2 f6 13. Nf3 Bd6 14. d3 Ne7 15. Rc1 Nb4 16. a3 Nbd5 17. O-O (17. e3 $142) 17... Ra8 ({Black should play} 17... Nf4) 18. a4 (18. Bh3+ $16 Ke8 19. e3) 18... Nb4 (18... Nf4 $14) 19. Rc4 Rhc8 (19... Rhb8 $16 20. Rg4 g5) 20. Rfc1 (20. Bh3+ $18 f5 21. Nxe5+ Bxe5 22. Bxe5 Rxc4 23. dxc4) 20... Rxc4 21. dxc4 Ke6 (21... Nec6 $16 {keeps fighting.}) 22. Bh3+ Kf7 23. Ba3 $2 (23. Rd1 $18 Bc5 24. Rd7) 23... Na2 $11 24. Rc2 Bxa3 25. Rxa2 Bb4 26. Rc2 Rd8 27. Kg2 (27. e3 $11) 27... Rd1 (27... h5 $17 {And now ...g5 would win.} 28. e4 Rd3) 28. e4 (28. c5 $11 {keeps the balance.}) 28... Ng6 {[%mdl 1024] Black has strong compensation.} 29. Bf5 (29. c5 $15) 29... Nf4+ $17 30. Kg3 g6 (30... Rb1 $17 31. c5 Rxb3) 31. Bc8 $15 b6 $36 {[%mdl 2048] Black has the initiative.} 32. h4 ({White should try} 32. c5 $1 $15 bxc5 33. Ra2) 32... h5 (32... Ke7 $19 33. c5 bxc5) 33. Bb7 $2 {[%mdl 8192]} (33. c5 $17 bxc5 34. Ra2) 33... Rh1 $19 {[%csl Gf4][%cal Rh1h3]} 34. Bd5+ (34. Bc8 $142 Ke7 35. c5 bxc5 36. Ra2) 34... Ke7 {[%csl Gf4][%cal Rh1h3]} 35. Ng1 Rxg1+ 36. Kf3 Rh1 {[%cal Rh1h3]} 37. Ke3 Rh3+ (37... Rd1 $142 38. Rd2 Rxd2 39. Bg8 Rd3#) 38. f3 Nxd5+ 39. cxd5 Bc5+ 40. Rxc5 {[%mdl 4096] Endgame KR-KR} Kd6 $4 {[%mdl 8192]} (40... bxc5 $19 41. Kf2 Rh2+ 42. Kf1 Rb2) 41. Rc7 $4 {[%mdl 8192]} (41. Rc6+ $18 Ke7 42. Re6+ Kf7 43. Rxb6) 41... Kxc7 {KR-KP} 42. b4 Kd6 43. a5 Rxh4 (43... bxa5 $142 44. bxa5 Rxh4 45. Kf2 Rh2+ 46. Kg3 Ra2 47. f4 Ra3+ 48. Kf2 exf4 49. Ke2 Rxa5 50. Kf3 Ra3+ 51. Kxf4 h4 52. e5+ fxe5+ 53. Ke4 g5 54. Kf5 h3 55. Kg4 Kxd5 56. Kh5 h2 57. Kg6 Ke6 58. Kh6 Kf6 59. Kh7 h1=Q+ 60. Kg8 Ra8#) 44. a6 Rf4 $4 {[%mdl 8192] [#]} (44... Rh2 {and life is good for Black.} 45. a7 Ra2 46. a8=Q Rxa8 47. Kf2 Ra4 48. Kg2 Rxb4 49. Kh3 b5 50. Kg2 Rb2+ 51. Kg3 g5 52. Kh3 b4 53. Kg3 b3 54. Kh3 Rd2 55. Kg3 b2 56. f4 b1=Q 57. fxe5+ fxe5 58. Kh3 Qd3#) 45. a7 {White mates.} Rxf3+ 46. Kxf3 f5 47. a8=Q {White used his chance. Accuracy: White = 24%, Black = 40%.} 1-0

[Event "Stay Safe Play From Home 194"]
[Site "T#646519Emanuel Laske"]
[Date "2020.06.02"]
[Round "7"]
[White "Konmos"]
[Black "Haxhi Baha"]
[Result "0-1"]
[WhiteElo "1733"]
[BlackElo "1954"]
[Annotator "TA"]
[PlyCount "88"]
[EventDate "2020.06.02"]
[EventType "swiss (blitz)"]

{[%evp 11,88,-10,6,4,24,23,88,87,78,87,92,72,66,39,77,0,0,-57,-51,-40,-20,-22,-19,-18,-15,-31,0,-7,-7,-29,-43,-47,-45,-99,-52,-57,-95,-362,-112,-105,513,-237,-170,-687,-169,-169,-169,-164,-161,-377,-378,-841,-820,-1567,-1195,-5202,-5202,-5202,-4508,-5076,-5089,-4594,-4054,-5177,-4805,-29994,-5065,-4670,-4133,-2502,-1261,-5895,-5553,-5106,-5065,-2998,-1717,-4918,-1773]} 1. e4 e6 2. d4 d5 3. exd5 exd5 4. c4 c6 5. Nc3 Nf6 6. Bg5 Be7 7. Nf3 {C01: French: Exchange Variation.} dxc4 8. Bxc4 b5 (8... Nd5 $11 9. Qd2 O-O) 9. Bb3 $16 {[#] White is better.} O-O $146 ({Predecessor:} 9... h6 10. Bh4 O-O 11. Bc2 Nd5 12. Qd3 g6 13. Bg3 Bf5 14. Qd2 Bxc2 15. Qxc2 Bb4 {½-½ (81) Zadravec,M-Vurusic,M Croatia 2012}) 10. O-O h6 11. Bxf6 Bxf6 12. Ne4 Bg4 13. Nxf6+ (13. Qd3 $16) 13... Qxf6 $11 14. d5 (14. Rc1 $11) 14... c5 $15 15. Bc2 Bxf3 16. Qxf3 Qxf3 17. gxf3 Nd7 18. a4 a6 19. axb5 axb5 20. Bd3 c4 21. Bc2 g6 22. Rfe1 (22. d6 $15) 22... Nc5 23. Rxa8 Rxa8 {[%mdl 4096] Endgame KRB-KRN} 24. Re7 $2 {[%mdl 8192] [#]} (24. d6 $17 {was necessary.}) 24... Ra2 $2 (24... Kf8 $19 25. Rc7 Ra1+ 26. Kg2 Nd3) 25. Rc7 $17 Na6 $2 {[%mdl 8192]} (25... Nd3 $17 {stays on course. Hoping for ...Ra1+.} 26. d6 Ra1+ 27. Kg2 Nf4+ 28. Kg3 Ne6 29. Rc8+ Kg7) 26. Ra7 $4 {[%mdl 8192]} (26. Rc8+ $18 {was the only winning move.} Kg7 27. d6) 26... Rxb2 27. Bxg6 $2 (27. Rxa6 Rxc2 28. Rb6) 27... Nb4 $2 {[#]} (27... fxg6 28. d6 Nc5) 28. Bxf7+ $19 Kf8 29. d6 Rd2 30. d7 $2 (30. Rc7 {might work better.}) 30... Ke7 31. Rb7 $2 (31. Be8 c3 32. Ra8) 31... c3 32. d8=Q+ Kxd8 33. Rxb5 c2 34. Rc5 Rd1+ 35. Kg2 c1=Q 36. Rxc1 Rxc1 37. Kg3 Nd3 38. Bg6 Ne5 (38... Rg1+ $142 39. Kh3 Rxg6 40. f4 Nxf4+ 41. Kh4 Ke7 42. f3 Rg5 43. h3 Ng6#) 39. Be4 {Black is clearly winning.} Ke7 40. Kg2 Nf7 41. h4 Kf6 42. f4 Nd6 43. Bd3 Nf5 44. f3 Nxh4+ {Accuracy: White = 32%, Black = 53%.} 0-1